000 00691nam a2200229 4500
003 OSt
005 20240729070344.0
006 a
008 240729b |||||||| |||| 00| 0 eng d
020 _a9812611339
040 _aDWCL-Main lib.
_cOC
082 _aCirc. 951.249 B329c 2005
100 _aBates, Chris
245 _aCulture shock! : a survival guide to customs and etiquette : Taiwan /
260 _aSingapore :
_bMarshall Cavendish Editions,
_cc2005.
300 _ax,
_b292 p. : ill. ;
_c21 cm.
490 _3Culture Shock
504 _aIncludes index.
650 _a1. Etiquette-Taiwan.
650 _a2. Taiwan-Social life and customs.
942 _2ddc
_n0
_cBK-CIRC
_kCirc.
999 _c2919
_d2919